000
00293nam a2200121Ia 4500
008
191201s2014 xx 000 0 und d
100
_a
GONZALEZ,Rafael C
245
0
_a
Digital Image Processing
260
_a
N. delhi
_b
Pearson
_c
2014
300
_a
924
650
_a
M.Tech(CSE)
942
_2
ddc
_c
BK
999
_c
6020
_d
6020